00939cam a2200253 a 450000500170000000800410001701000140005802000260007203500130009803700130011104000080012408200130013210000220014524501200016726000510028727000480033830000290038650000330041570000220044870000260047094200270049699900170052395201450054020091107113722.0000504s2000 nik 000 0 eng d aENG-95377 a9788131306048c695.00 aEN-78910 bDBAD/PUB aDPL a338.1782 aSingh, Tribhuwan. aSericulture Extension :cby Tribhuwan Singh, Madan Mohan Bhat and Mohammad Ashraf Khanbprinciples and management / aNew DelhibA.P.H. Publishing Corporationc2009 a4435-36/7, Ansari Road ,bNew Delhie110002 a xii 192 p. c22 cm.(Hb) aBibliography ref. & Indexing aBhat, Madan Mohan aKhan, Mohammad Ashraf 2ddccENmSINh338.1782 c31537d31537 00102ddc40718NFICaDBADbDBADd2009-11-07eDBAD / PUBg695.00l0o338.1782 SINpEN-78910r2009-11-07 00:00:00t1v695.00w2009-11-07yEN